000 00851cab a2200265 4500
001 ABS53266
008 090401t1995 xxu||||| |||| 00| 0 eng d
035 _a(Sirsi) u3095
041 _aeng
100 _aBrymer, S.
245 _aWhen does a repair become an extraordinary repair?
260 _c1995
350 _a0
490 _aProperty Law
_v(15) June 1995, 8-9(2)
520 _aDiscusses the meaning of `extraordinary repairs` and how they differ from the `ordinary` after the case "House of Fraser plc v Prudential Assurance Co Ltd" (1994 SLT 416).
650 _aEXTRAORDINARY REPAIRS
650 _aFULL REPAIRING LEASE
650 _aLEASES
650 _aORDINARY REPAIRS
650 _aREPAIRING COVENANTS
650 _aSCHEDULES OF DILAPIDATIONS
690 _aPROPERTY-LANDLORD AND TENANT
942 _n0
948 _c04/03/1997
999 _c1873
_d1873